[Event "Novokuznetsk op"]
[Site "Novokuznetsk"]
[Date "2011.08.12"]
[Round "2"]
[White "Epifantsev, Igor"]
[Black "Gutov, Andrey"]
[Result "1-0"]
[WhiteElo "2257"]
[BlackElo "2444"]
[PlyCount "73"]
[EventDate "2011.08.11"]
[EventType "swiss"]
[EventRounds "9"]
[EventCountry "RUS"]
[SourceTitle "CBM 144 Extra"]
[Source "ChessBase"]
[SourceDate "2011.10.28"]
[SourceVersion "1"]
[SourceVersionDate "2011.10.28"]
[SourceQuality "1"]

1. e4 e5 2. Nf3 Nc6 3. Bb5 a6 4. Ba4 Nf6 5. 0-0 Be7 6. Re1 b5 7. Bb3 d6 8. c3 0-0 9. h3 Na5 10. Bc2 c5 11. d4 Qc7 12. Nbd2 Be6 13. Nf1 Nc4 14. d5 Bd7 15. Bd3 Nb6 16. Ne3 c4 17. Bc2 g6 18. g4 Ne8 19. Kg2 Ng7 20. g5 Qc8 21. Rh1 Nh5 22. Nf1 f6 23. Ng3 Nf4+ 24. Bxf4 exf4 25. gxf6 Bxf6 26. Ne2 Be5 27. Nxe5 dxe5 28. Ng1 f3+ 29. Nxf3 Bg4 30. hxg4 Qxg4+ 31. Kf1 Rxf3 32. Rh2 Raf8 33. Qd2 Rg3 34. Rh1 Rg2 35. Qe3 Rf3 36. Qxb6 Qg3 37. Qd8+ 1-0

[Event "Novokuznetsk School op"]
[Site "Novokuznetsk"]
[Date "2011.06.15"]
[Round "7"]
[White "Epifantsev, Igor"]
[Black "Lazarenko, Evgeniy"]
[Result "1-0"]
[WhiteElo "2257"]
[BlackElo "1986"]
[PlyCount "61"]
[EventDate "2011.06.15"]
[EventType "swiss"]
[EventRounds "9"]
[EventCountry "RUS"]
[SourceTitle "EXT 2022"]
[Source "ChessBase"]
[SourceDate "2021.10.06"]
[SourceVersion "1"]
[SourceVersionDate "2021.10.06"]
[SourceQuality "1"]

1. e4 d5 2. exd5 Qxd5 3. Nc3 Qd6 4. d4 Nf6 5. Be3 a6 6. Qd2 Bf5 7. 0-0-0 e6 8. f3 Nc6 9. g4 Bg6 10. g5 Nd5 11. Nxd5 exd5 12. Bf4 Qd7 13. Bh3 Bf5 14. Bxf5 Qxf5 15. Bxc7 Nb4 16. Re1+ Kd7 17. Ba5 Bd6 18. Ne2 Rac8 19. Bxb4 Bxb4 20. c3 Rhe8 21. Qc2 Qxg5+ 22. f4 Qh5 23. Ng3 Qg4 24. Qa4+ b5 25. Qxb4 Qxf4+ 26. Kb1 Qd2 27. Rd1 Qg2 28. Qb3 h5 29. Rhg1 Qf3 30. Rgf1 Qe3 31. Qxd5+ 1-0

[Event "Novokuznetsk School op"]
[Site "Novokuznetsk"]
[Date "2011.06.15"]
[Round "1"]
[White "Epifantsev, Igor"]
[Black "Vorobyova, Alyona"]
[Result "1-0"]
[WhiteElo "2257"]
[BlackElo "1984"]
[PlyCount "69"]
[EventDate "2011.06.15"]
[EventType "swiss"]
[EventRounds "9"]
[EventCountry "RUS"]
[SourceTitle "EXT 2022"]
[Source "ChessBase"]
[SourceDate "2021.10.06"]
[SourceVersion "1"]
[SourceVersionDate "2021.10.06"]
[SourceQuality "1"]

1. e4 c5 2. Nf3 a6 3. c3 d5 4. exd5 Qxd5 5. d4 Bg4 6. Be2 Nf6 7. h3 Bh5 8. Be3 cxd4 9. cxd4 e6 10. Nc3 Qd6 11. g3 Be7 12. Bf4 Qb4 13. a3 Qb6 14. 0-0 0-0 15. Rc1 Nc6 16. b4 Bxf3 17. Bxf3 Nxd4 18. Bxb7 Rad8 19. Bg2 Nb5 20. Qa4 Rd3 21. Nb1 Nd5 22. Be5 Nd4 23. Bxd4 Qxd4 24. Kh2 Qa7 25. Rc2 Nb6 26. Qa5 Bd8 27. Qc5 Qd7 28. Rfc1 g6 29. Qe5 Rd6 30. Qe2 Qa7 31. Nc3 Be7 32. Ne4 Rd7 33. Rc6 Rfd8 34. Qb2 Rd4 35. Rc7 1-0

[Event "Novokuznetsk School op"]
[Site "Novokuznetsk"]
[Date "2011.06.15"]
[Round "2"]
[White "Lyashenko, Anna"]
[Black "Epifantsev, Igor"]
[Result "0-1"]
[WhiteElo "2021"]
[BlackElo "2257"]
[PlyCount "81"]
[EventDate "2011.06.15"]
[EventType "swiss"]
[EventRounds "9"]
[EventCountry "RUS"]
[SourceTitle "EXT 2022"]
[Source "ChessBase"]
[SourceDate "2021.10.06"]
[SourceVersion "1"]
[SourceVersionDate "2021.10.06"]
[SourceQuality "1"]

1. e4 c5 2. Nf3 d6 3. d4 cxd4 4. Nxd4 Nf6 5. Nc3 Nc6 6. Be2 e5 7. Nb3 Be7 8. 0-0 0-0 9. f4 a6 10. a4 exf4 11. Bxf4 Be6 12. Nd2 Qb6+ 13. Kh1 Qxb2 14. Rf3 Qb6 15. Rg3 Kh8 16. Nc4 Bxc4 17. Bxc4 Qc5 18. Bd5 Rab8 19. Rb1 Nb4 20. Rh3 Nbxd5 21. Nxd5 Nxd5 22. exd5 b5 23. Rc1 Qc4 24. Qh5 Qe4 25. Bg3 Qg6 26. Qe2 Bg5 27. Re1 Rbc8 28. axb5 Rxc2 29. Qe8 Rc8 30. Qd7 Bd2 31. Rg1 Rfd8 32. Qb7 axb5 33. Qxb5 Rc5 34. Qb6 Ba5 35. Qb3 Qf5 36. Bh4 Rdc8 37. Rd3 Qe4 38. Bg3 Rc1 39. Rdd1 R1c3 40. Qb7 R3c7 41. Rge1 0-1

[Event "Novokuznetsk-ch HL"]
[Site "Novokuznetsk"]
[Date "2011.04.??"]
[Round "2"]
[White "Epifantsev, Igor"]
[Black "Sitnikov, Dmitrij"]
[Result "0-1"]
[WhiteElo "2257"]
[BlackElo "2470"]
[PlyCount "66"]
[EventDate "2011.04.29"]
[EventType "swiss"]
[EventRounds "8"]
[EventCountry "RUS"]
[SourceTitle "EXT 2013"]
[Source "ChessBase"]
[SourceDate "2012.11.22"]
[SourceVersion "1"]
[SourceVersionDate "2012.11.22"]
[SourceQuality "1"]

1. e4 c5 2. Nf3 e6 3. d4 cxd4 4. Nxd4 a6 5. Be2 Nf6 6. Nc3 d6 7. 0-0 Be7 8. Be3 Qc7 9. f4 0-0 10. Qe1 b5 11. Bf3 Bb7 12. e5 dxe5 13. fxe5 Nfd7 14. Qg3 Bxf3 15. Qxf3 Nb6 16. Rae1 N8d7 17. Nc6 Bh4 18. g3 Rac8 19. Qg4 Kh8 20. Qxh4 Qxc6 21. Ne4 Nd5 22. Ng5 Qxc2 23. Rc1 Qd3 24. Rxc8 Rxc8 25. Nxf7+ Kg8 26. Bc1 Qxf1+ 27. Kxf1 Rxc1+ 28. Ke2 Kxf7 29. Qh5+ Kg8 30. Qe8+ Nf8 31. Kd2 Rh1 32. Qh5 Ng6 33. Kd3 Ngf4+ 0-1

[Event "Novokuznetsk-ch HL"]
[Site "Novokuznetsk"]
[Date "2011.04.??"]
[Round "5"]
[White "Izmestiev, Ilija"]
[Black "Epifantsev, Igor"]
[Result "1-0"]
[WhiteElo "2098"]
[BlackElo "2257"]
[PlyCount "57"]
[EventDate "2011.04.29"]
[EventType "swiss"]
[EventRounds "8"]
[EventCountry "RUS"]
[SourceTitle "EXT 2013"]
[Source "ChessBase"]
[SourceDate "2012.11.22"]
[SourceVersion "1"]
[SourceVersionDate "2012.11.22"]
[SourceQuality "1"]

1. e4 c5 2. c3 Nf6 3. e5 Nd5 4. g3 d6 5. d4 cxd4 6. Nf3 Nc6 7. exd6 Bg4 8. Bg2 e5 9. 0-0 Bxd6 10. Qb3 Nb6 11. a4 Be6 12. Qc2 h6 13. a5 Nd5 14. a6 Qb6 15. Nbd2 Rd8 16. Nc4 Qc7 17. Nxd6+ Rxd6 18. axb7 Qxb7 19. Nxe5 Nxe5 20. Bf4 f6 21. cxd4 Rc6 22. Qe2 Nxf4 23. gxf4 Ng6 24. f5 Nf4 25. Bxc6+ Qxc6 26. Qg4 Nd3 27. fxe6 0-0 28. Rxa7 g5 29. Qf5 1-0

[Event "Novokuznetsk-ch"]
[Site "Novokuznetsk"]
[Date "2011.??.??"]
[Round "6"]
[White "Epifantsev, Igor"]
[Black "Lyashenko, Anna"]
[Result "1-0"]
[WhiteElo "2257"]
[BlackElo "2021"]
[PlyCount "75"]
[EventDate "2011.11.19"]
[EventType "swiss"]
[EventRounds "9"]
[EventCountry "RUS"]
[SourceTitle "EXT 2013"]
[Source "ChessBase"]
[SourceDate "2012.11.22"]
[SourceVersion "1"]
[SourceVersionDate "2012.11.22"]
[SourceQuality "1"]

1. e4 c5 2. Nf3 d6 3. d4 cxd4 4. Nxd4 Nf6 5. Nc3 a6 6. Bc4 e6 7. 0-0 b5 8. Bb3 b4 9. Na4 Nxe4 10. Re1 d5 11. Bf4 Bd7 12. f3 Nf6 13. Nf5 Qa5 14. c3 bxc3 15. bxc3 Bxa4 16. Bxa4+ Nbd7 17. Kh1 Rc8 18. Rb1 g6 19. Be5 Kd8 20. Bxd7 Nxd7 21. Bxh8 gxf5 22. Qd2 h6 23. Bd4 Qc7 24. Rb3 Nc5 25. Bxc5 Qxc5 26. Qe2 Qc6 27. Qe5 Kd7 28. Qf6 Ke8 29. Reb1 Be7 30. Qh8+ Kd7 31. Qxh6 Rc7 32. Qg7 f6 33. Qf7 Qc4 34. Re1 e5 35. Rb6 d4 36. Qxc4 Rxc4 37. cxd4 Rxd4 38. Rxa6 1-0

[Event "Novokuznetsk-ch op"]
[Site "Novokuznetsk"]
[Date "2010.12.12"]
[Round "9"]
[White "Shukan, Mikhail"]
[Black "Epifantsev, Igor"]
[Result "1/2-1/2"]
[WhiteElo "2062"]
[BlackElo "2253"]
[PlyCount "72"]
[EventDate "2010.11.14"]
[EventType "swiss"]
[EventRounds "9"]
[EventCountry "RUS"]
[SourceTitle "EXT 2022"]
[Source "ChessBase"]
[SourceDate "2021.10.06"]
[SourceVersion "1"]
[SourceVersionDate "2021.10.06"]
[SourceQuality "1"]

1. g3 d5 2. Bg2 e5 3. d3 Nf6 4. Nf3 Bd6 5. 0-0 0-0 6. Nbd2 Bg4 7. e4 c6 8. Re1 Nbd7 9. Nf1 Re8 10. h3 Bh5 11. g4 Bg6 12. Ng3 Nc5 13. Nd2 Ne6 14. Nf5 Bxf5 15. exf5 Nf4 16. Nb3 Nxg2 17. Kxg2 Nd7 18. g5 Nf8 19. Qg4 Qd7 20. Kh1 g6 21. fxg6 fxg6 22. Qxd7 Nxd7 23. Be3 Rf8 24. Kg2 Rf5 25. h4 h6 26. gxh6 Kh7 27. Nd2 Be7 28. Nf1 Bxh4 29. Ng3 Rf6 30. Rh1 g5 31. d4 e4 32. c4 Nf8 33. cxd5 cxd5 34. Rac1 Ne6 35. Rc3 Bxg3 36. Kxg3 Rxh6 1/2-1/2

[Event "Novokuznetsk Goryainov op"]
[Site "Novokuznetsk"]
[Date "2010.08.17"]
[Round "6"]
[White "Epifantsev, Igor"]
[Black "Maleev, Pavel"]
[Result "0-1"]
[WhiteElo "2210"]
[BlackElo "2105"]
[PlyCount "56"]
[EventDate "2010.08.12"]
[EventType "swiss"]
[EventRounds "9"]
[EventCountry "RUS"]
[SourceTitle "CBM 138 Extra"]
[Source "ChessBase"]
[SourceDate "2010.10.29"]
[SourceVersion "1"]
[SourceVersionDate "2010.10.29"]
[SourceQuality "1"]

1. e4 Nf6 2. e5 Nd5 3. d4 d6 4. Nf3 dxe5 5. Nxe5 c6 6. c4 Nb4 7. Na3 Bf5 8. Be2 Nd7 9. Bf4 Nxe5 10. Bxe5 f6 11. Bf4 e5 12. dxe5 Nd3+ 13. Bxd3 Bxd3 14. Qd2 Bxa3 15. bxa3 Qd4 16. Rd1 Rd8 17. h4 fxe5 18. Bg5 Rd7 19. Rh3 e4 20. Be3 Qxc4 21. Rc1 Qe6 22. Bxa7 0-0 23. Rg3 Qf6 24. Qg5 Qb2 25. Qd2 Qe5 26. Bc5 Qxg3 27. Bxf8 Qxg2 28. Qf4 Rf7 0-1

[Event "Novokuznetsk Goryainov op"]
[Site "Novokuznetsk"]
[Date "2010.08.15"]
[Round "4"]
[White "Epifantsev, Igor"]
[Black "Sergeev, Albert"]
[Result "1/2-1/2"]
[WhiteElo "2210"]
[BlackElo "2349"]
[PlyCount "26"]
[EventDate "2010.08.12"]
[EventType "swiss"]
[EventRounds "9"]
[EventCountry "RUS"]
[SourceTitle "CBM 138 Extra"]
[Source "ChessBase"]
[SourceDate "2010.10.29"]
[SourceVersion "1"]
[SourceVersionDate "2010.10.29"]
[SourceQuality "1"]

1. e4 c5 2. Nf3 Nc6 3. d4 cxd4 4. Nxd4 Nf6 5. Nc3 d6 6. Bc4 e6 7. 0-0 Be7 8. Be3 0-0 9. f4 Nxe4 10. Nxe4 d5 11. Nxc6 bxc6 12. Bd3 dxe4 13. Bxe4 Qc7 1/2-1/2

[Event "Novokuznetsk Goryainov op"]
[Site "Novokuznetsk"]
[Date "2010.08.14"]
[Round "3"]
[White "Gutov, Andrey"]
[Black "Epifantsev, Igor"]
[Result "1/2-1/2"]
[WhiteElo "2444"]
[BlackElo "2210"]
[PlyCount "20"]
[EventDate "2010.08.12"]
[EventType "swiss"]
[EventRounds "9"]
[EventCountry "RUS"]
[SourceTitle "CBM 138 Extra"]
[Source "ChessBase"]
[SourceDate "2010.10.29"]
[SourceVersion "1"]
[SourceVersionDate "2010.10.29"]
[SourceQuality "1"]

1. d4 Nf6 2. c4 e6 3. Nc3 Bb4 4. Qc2 0-0 5. a3 Bxc3+ 6. Qxc3 b6 7. Nf3 Bb7 8. g3 d6 9. Bg2 Nbd7 10. 0-0 Qe7 1/2-1/2

[Event "Novokuznetsk Goryainov op"]
[Site "Novokuznetsk"]
[Date "2010.08.12"]
[Round "1"]
[White "Epifantsev, Igor"]
[Black "Karpov, Arkadiy"]
[Result "1-0"]
[WhiteElo "2210"]
[BlackElo "1988"]
[PlyCount "41"]
[EventDate "2010.08.12"]
[EventType "swiss"]
[EventRounds "9"]
[EventCountry "RUS"]
[SourceTitle "CBM 138 Extra"]
[Source "ChessBase"]
[SourceDate "2010.10.29"]
[SourceVersion "1"]
[SourceVersionDate "2010.10.29"]
[SourceQuality "1"]

1. e4 c5 2. Nf3 d6 3. d4 cxd4 4. Nxd4 Nf6 5. Nc3 a6 6. Bc4 e6 7. 0-0 Be7 8. f4 b5 9. Bb3 Qb6 10. Be3 Qc7 11. e5 dxe5 12. fxe5 Qxe5 13. Qf3 Bd6 14. g3 Ra7 15. Nxe6 Bb7 16. Nxg7+ Kf8 17. Qxf6 Qxe3+ 18. Rf2 Bc8 19. Qxd6+ Kxg7 20. Qf6+ Kg8 21. Bxf7+ 1-0

[Event "Novokuznetsk op"]
[Site "Novokuznetsk"]
[Date "2010.05.01"]
[Round "1"]
[White "Sergeev, Albert"]
[Black "Epifantsev, Igor"]
[Result "1/2-1/2"]
[WhiteElo "2349"]
[BlackElo "2210"]
[PlyCount "51"]
[EventDate "2010.05.01"]
[EventType "swiss"]
[EventRounds "9"]
[EventCountry "RUS"]
[SourceTitle "EXT 2011"]
[Source "ChessBase"]
[SourceDate "2010.11.26"]
[SourceVersion "1"]
[SourceVersionDate "2010.11.26"]
[SourceQuality "1"]

1. e4 c5 2. Nf3 d6 3. d4 cxd4 4. Nxd4 Nf6 5. Nc3 a6 6. Bc4 e6 7. Bb3 Be7 8. g4 Nc6 9. g5 Nd7 10. Bxe6 Nxd4 11. Bxd7+ Bxd7 12. Qxd4 Bxg5 13. Qxg7 Bf6 14. Qg3 Qe7 15. Bd2 Bxc3 16. Bxc3 Qxe4+ 17. Qe3 Qxe3+ 18. fxe3 Rg8 19. 0-0-0 Bc6 20. Rhf1 Rg2 21. Rxd6 Rxh2 22. Rf5 Rxc2+ 23. Kd1 Rg2 24. Ke1 Rg4 25. Rh5 Ke7 26. Rd4 1/2-1/2

[Event "Novokuznetsk-ch op"]
[Site "Novokuznetsk"]
[Date "2009.12.13"]
[Round "9"]
[White "Epifantsev, Igor"]
[Black "Sozin, Stepan"]
[Result "1-0"]
[WhiteElo "2211"]
[BlackElo "1955"]
[PlyCount "73"]
[EventDate "2009.11.21"]
[EventType "swiss"]
[EventRounds "9"]
[EventCountry "RUS"]
[SourceTitle "EXT 2011"]
[Source "ChessBase"]
[SourceDate "2010.11.26"]
[SourceVersion "1"]
[SourceVersionDate "2010.11.26"]
[SourceQuality "1"]

1. e4 c5 2. Nf3 d6 3. d4 cxd4 4. Nxd4 Nf6 5. Nc3 g6 6. Be3 Bg7 7. f3 0-0 8. Qd2 Nc6 9. 0-0-0 d5 10. exd5 Nxd5 11. Nxc6 bxc6 12. Nxd5 cxd5 13. Bh6 Bxh6 14. Qxh6 Rb8 15. Bc4 Qb6 16. Bb3 a5 17. Qf4 Bd7 18. Qd4 Qxd4 19. Rxd4 e6 20. h4 a4 21. Bxa4 e5 22. Bxd7 exd4 23. Rd1 Rfd8 24. Ba4 d3 25. Rxd3 d4 26. a3 Kg7 27. b4 Kf6 28. Bc6 Ke5 29. b5 Rd6 30. a4 Rb6 31. Be8 Rd8 32. Bxf7 Ra8 33. Bb3 h6 34. Kd2 g5 35. hxg5 hxg5 36. c3 dxc3+ 37. Kxc3 1-0

[Event "Novokuznetsk-ch op"]
[Site "Novokuznetsk"]
[Date "2009.12.06"]
[Round "7"]
[White "Epifantsev, Igor"]
[Black "Oschepkov, Dmitri"]
[Result "1/2-1/2"]
[WhiteElo "2211"]
[BlackElo "2115"]
[PlyCount "86"]
[EventDate "2009.11.21"]
[EventType "swiss"]
[EventRounds "9"]
[EventCountry "RUS"]
[SourceTitle "EXT 2011"]
[Source "ChessBase"]
[SourceDate "2010.11.26"]
[SourceVersion "1"]
[SourceVersionDate "2010.11.26"]
[SourceQuality "1"]

1. e4 e5 2. Nf3 Nc6 3. Bb5 a6 4. Ba4 Nf6 5. 0-0 Be7 6. Re1 b5 7. Bb3 0-0 8. c3 d6 9. h3 Bb7 10. d4 Qd7 11. Nbd2 Rad8 12. Nf1 exd4 13. cxd4 d5 14. e5 Ne4 15. Ne3 Na5 16. Bc2 f5 17. exf6 Bxf6 18. Nxd5 Bxd5 19. Bxe4 Bxe4 20. Rxe4 c5 21. Qe1 Nc4 22. Bg5 Nxb2 23. Bxf6 Rxf6 24. dxc5 Qc8 25. Qe3 Nc4 26. Qg5 h6 27. Qh5 Rf5 28. Qg6 Rf6 29. Qh5 Rf5 30. Qh4 Rxc5 31. Rae1 Rc7 32. Nd4 Nd6 33. Rg4 Re8 34. Rxe8+ Nxe8 35. Rg6 Rc4 36. Rg4 Qc7 37. Nb3 Rxg4 38. Qxg4 Qd6 39. Nd4 Nf6 40. Qc8+ Kf7 41. Nc6 Ne4 42. Qf5+ Nf6 43. Qc8 Ne4 1/2-1/2

[Event "Novokuznetsk-ch op"]
[Site "Novokuznetsk"]
[Date "2009.11.22"]
[Round "2"]
[White "Lyashenko, Anna"]
[Black "Epifantsev, Igor"]
[Result "0-1"]
[WhiteElo "2021"]
[BlackElo "2211"]
[PlyCount "24"]
[EventDate "2009.11.21"]
[EventType "swiss"]
[EventRounds "9"]
[EventCountry "RUS"]
[SourceTitle "EXT 2011"]
[Source "ChessBase"]
[SourceDate "2010.11.26"]
[SourceVersion "1"]
[SourceVersionDate "2010.11.26"]
[SourceQuality "1"]

1. e4 c5 2. Nf3 d6 3. d4 cxd4 4. Nxd4 Nf6 5. Nc3 Nc6 6. Nb3 e6 7. f3 Be7 8. Be3 0-0 9. Qd2 a6 10. 0-0-0 b5 11. g4 Ne5 12. Qf2 Nfxg4 0-1

[Event "Novokuznetsk-ch"]
[Site "Novokuznetsk"]
[Date "2009.04.29"]
[Round "2"]
[White "Lomantsov, Evgenij"]
[Black "Epifantsev, Igor"]
[Result "0-1"]
[WhiteElo "2323"]
[BlackElo "2233"]
[PlyCount "86"]
[EventDate "2009.04.29"]
[EventType "tourn"]
[EventRounds "11"]
[EventCountry "RUS"]
[EventCategory "3"]
[SourceTitle "EXT 2012"]
[Source "ChessBase"]
[SourceDate "2011.11.24"]
[SourceVersion "1"]
[SourceVersionDate "2011.11.24"]
[SourceQuality "1"]

1. e4 c5 2. Nf3 d6 3. d4 cxd4 4. Nxd4 Nf6 5. Nc3 Nc6 6. Be2 e5 7. Nb3 Be7 8. 0-0 0-0 9. f4 a6 10. Be3 b5 11. a3 Bb7 12. f5 b4 13. Nd5 Nxe4 14. f6 Nxf6 15. Bb6 Qc8 16. Nxf6+ Bxf6 17. Bg4 Qb8 18. Rxf6 gxf6 19. Be3 Ne7 20. Qf1 f5 21. Bxf5 Ng6 22. axb4 Qd8 23. g3 Qf6 24. Qd3 d5 25. Rf1 d4 26. Nc5 Bc6 27. Bh6 Bb5 28. Qf3 Bxf1 29. Bxf8 Nxf8 30. Kxf1 Rd8 31. h4 Qh6 32. Ne4 Ng6 33. Nf6+ Kh8 34. Kg2 Nxh4+ 35. gxh4 Qxf6 36. Qe4 Rg8+ 37. Kh3 Qg7 38. Qf3 Qh6 39. Bd3 Qe3 40. Qxe3 dxe3 41. Bxa6 f5 42. Be2 f4 43. c4 e4 0-1

[Event "Novokuznetsk op"]
[Site "Novokuznetsk"]
[Date "2008.11.30"]
[Round "5"]
[White "Epifantsev, Igor"]
[Black "Shukan, Mikhail"]
[Result "1-0"]
[WhiteElo "2198"]
[BlackElo "2104"]
[PlyCount "55"]
[EventDate "2008.11.22"]
[EventType "swiss"]
[EventRounds "9"]
[EventCountry "RUS"]
[SourceTitle "CBM 127 Extra"]
[Source "ChessBase"]
[SourceDate "2009.01.08"]
[SourceVersion "2"]
[SourceVersionDate "2009.01.28"]
[SourceQuality "1"]

1. e4 c6 2. Nc3 d5 3. Nf3 Bg4 4. h3 Bxf3 5. Qxf3 e6 6. exd5 cxd5 7. d4 Nc6 8. Bb5 Bd6 9. 0-0 Nge7 10. Ne2 0-0 11. c3 Nf5 12. Bd3 Nce7 13. Bg5 f6 14. Bf4 e5 15. Bxf5 exf4 16. Be6+ Kh8 17. Nxf4 Bxf4 18. Qxf4 Qb6 19. Rae1 Qxb2 20. Qc7 Nc6 21. Rb1 Qxc3 22. Rxb7 Rg8 23. Bxg8 Rxg8 24. Rfb1 Nxd4 25. Qxc3 Ne2+ 26. Kf1 Nxc3 27. R1b2 Ra8 28. Rb8+ 1-0

[Event "Novokuznetsk op"]
[Site "Novokuznetsk"]
[Date "2008.11.29"]
[Round "4"]
[White "Sergeev, Sergei"]
[Black "Epifantsev, Igor"]
[Result "1-0"]
[WhiteElo "2083"]
[BlackElo "2198"]
[PlyCount "55"]
[EventDate "2008.11.22"]
[EventType "swiss"]
[EventRounds "9"]
[EventCountry "RUS"]
[SourceTitle "CBM 127 Extra"]
[Source "ChessBase"]
[SourceDate "2009.01.08"]
[SourceVersion "2"]
[SourceVersionDate "2009.01.28"]
[SourceQuality "1"]

1. Nf3 f5 2. c4 Nf6 3. Nc3 e6 4. d4 b6 5. g3 Bb7 6. Bg2 Be7 7. 0-0 0-0 8. d5 exd5 9. cxd5 Na6 10. Nd4 Ne8 11. Bf4 Bd6 12. Qd2 Qf6 13. Bg5 Qf7 14. Ne6 h6 15. Bf4 g5 16. Bxd6 Nxd6 17. Nxf8 Rxf8 18. e4 f4 19. gxf4 gxf4 20. Kh1 Qf6 21. Rg1 Kh8 22. e5 Qxe5 23. Rae1 Qf6 24. Ne4 Nxe4 25. Bxe4 Nc5 26. Rg6 Qe5 27. Bf3 Qf5 28. Qd4+ 1-0

[Event "Novokuznetsk op"]
[Site "Novokuznetsk"]
[Date "2008.11.23"]
[Round "2"]
[White "Suslikova, Oksana"]
[Black "Epifantsev, Igor"]
[Result "0-1"]
[WhiteElo "1982"]
[BlackElo "2198"]
[PlyCount "74"]
[EventDate "2008.11.22"]
[EventType "swiss"]
[EventRounds "9"]
[EventCountry "RUS"]
[SourceTitle "CBM 127 Extra"]
[Source "ChessBase"]
[SourceDate "2009.01.08"]
[SourceVersion "2"]
[SourceVersionDate "2009.01.28"]
[SourceQuality "1"]

1. c4 Nf6 2. Nc3 c5 3. g3 e6 4. Bg2 d5 5. cxd5 exd5 6. Nf3 Nc6 7. 0-0 Be7 8. d3 b6 9. Bf4 a6 10. Rc1 Bd6 11. Qd2 Bxf4 12. Qxf4 0-0 13. b3 Re8 14. d4 Ne4 15. Rfe1 cxd4 16. Nxe4 Rxe4 17. Qd2 Bb7 18. Rxc6 Bxc6 19. Nxd4 Bb7 20. Bxe4 dxe4 21. Qc3 Rc8 22. Qe3 Qd5 23. f3 Rd8 24. Rd1 exf3 25. exf3 Qc5 26. Kf2 h6 27. a4 Bd5 28. Nf5 Qc2+ 29. Rd2 Qxf5 30. g4 Qe6 31. Qd4 Qf6 32. Qd3 Rd7 33. Qe2 Be6 34. Rc2 Bxg4 35. Qe8+ Kh7 36. Qe4+ Bf5 37. Qe3 Bxc2 0-1